|
|
|
|
| LEADER |
00833nam a22002171 4500 |
| 001 |
c000203266 |
| 003 |
CARM |
| 005 |
20060109030500.0 |
| 008 |
851113s1966 enk 0 eng d |
| 019 |
1 |
|
|a 4131344
|5 LACONCORD2021
|
| 035 |
|
|
|a (OCoLC)219046141
|5 LACONCORD2021
|
| 100 |
1 |
|
|a Brockington, Fraser,
|d 1903-
|
| 245 |
1 |
4 |
|a The social needs of the over-80's /
|c the Stockport survey by F.Brockington and S.M.Lempert.
|
| 260 |
|
|
|a Manchester :
|b Manchester U.P.,
|c 1966.
|
| 650 |
|
0 |
|a Older people
|x Sociology.
|
| 650 |
|
0 |
|a Geriatrics.
|
| 700 |
1 |
|
|a Lempert, Susanne Martina.
|
| 852 |
8 |
|
|b CARM
|h A2:AP11A0
|i B06639
|p 0305880
|f BK
|
| 082 |
0 |
4 |
|a 301.435
|
| 999 |
f |
f |
|i bf907270-594c-5bcc-bdb8-c804107c348d
|s 093dde25-6239-573d-abe6-7c1778b8aa14
|
| 952 |
f |
f |
|p Can circulate
|a CAVAL
|b CAVAL
|c CAVAL
|d CARM 1 Store
|e B06639
|f A2:AP11A0
|h Other scheme
|i book
|m 0305880
|